| 000 | 00330nam a2200109Ia 4500 | ||
|---|---|---|---|
| 008 | 200302s9999 xx 000 0 und d | ||
| 100 | _aN. Krishna Raju & Other | ||
| 245 | _aReinforced Concrete Design IS: 456-2000 Principles and Practice | ||
| 260 | _bNew Age International Pvt. Ltd. Publishers | ||
| 260 | _c2006 | ||
| 300 | _a611 P., | ||
| 999 |
_c5070 _d5070 |
||